000 00317nam a22001337a 4500
008 171018b xxu||||| |||| 00| 0 eng d
020 _a025602006-X
041 _aeng
080 _a338
100 _a53
101 _aMEN
245 _aQUANTITATIVE METHODS IN MANAGEMENT TEXT AND CASES
_cVATTER,P.A
942 _2udc
_cBK
999 _c34799
_d34799